Television field production and reporting (Record no. 2749)
[ view plain ]
| 000 -LEADER | |
|---|---|
| fixed length control field | 00333nam a22001457a 4500 |
| 003 - CONTROL NUMBER IDENTIFIER | |
| control field | NUST |
| 020 ## - INTERNATIONAL STANDARD BOOK NUMBER | |
| International Standard Book Number | 9789380013114 |
| 038 ## - RECORD CONTENT LICENSOR | |
| Staff Name | A |
| 082 ## - DEWEY DECIMAL CLASSIFICATION NUMBER | |
| Classification number | 302.234 |
| 100 ## - MAIN ENTRY--PERSONAL NAME | |
| Personal name | Arshad ansari |
| 9 (RLIN) | 31316 |
| 245 ## - TITLE STATEMENT | |
| Title | Television field production and reporting |
| 260 ## - PUBLICATION, DISTRIBUTION, ETC. | |
| Place of publication, distribution, etc. | Delhi |
| Name of publisher, distributor, etc. | Manglam publications |
| Date of publication, distribution, etc. | 2009. |
| 300 ## - PHYSICAL DESCRIPTION | |
| Extent | 304p |
| 942 ## - ADDED ENTRY ELEMENTS (KOHA) | |
| Koha item type | Book |
| Source of classification or shelving scheme | |
| Withdrawn status | Lost status | Source of classification or shelving scheme | Damaged status | Not for loan | Permanent Location | Current Location | Shelving location | Date acquired | Total Checkouts | Full call number | Barcode | Date last seen | Price effective from | Koha item type |
|---|---|---|---|---|---|---|---|---|---|---|---|---|---|---|
| Central Library (CL) | Central Library (CL) | First Floor - Journalism | 03/17/2016 | 302.234 ANS | S3H-S-466 | 03/17/2016 | 03/17/2016 | Book |
